北米の都市の人口別リスト - Statistics

General Stats
  • This quiz has been taken 171 times
  • The average score is 23 of 98
Answer Stats
ランク % Correct
1 メキシコシティ メキシコ
98%
2 ニューヨーク アメリカ
95%
3 ロサンゼルス アメリカ
90%
4 トロント カナダ
83%
5 シカゴ アメリカ
82%
48 サンフランシスコ アメリカ
77%
29 オタワ カナダ
76%
58 バンクーバー カナダ
76%
7 ヒューストン アメリカ
63%
10 モントリオール カナダ
63%
53 シアトル アメリカ
63%
70 ボストン アメリカ
60%
77 デトロイト アメリカ
59%
8 ハバナ キューバ
56%
14 フィラデルフィア アメリカ
56%
21 ダラス アメリカ
56%
66 ワシントンDC アメリカ
50%
6 サントドミンゴ ドミニカ共和国
47%
69 ラスベガス アメリカ
46%
13 フェニックス アメリカ
39%
20 サンディエゴ アメリカ
36%
98 カンザスシティー アメリカ
35%
57 デンバー アメリカ
34%
86 ケベック カナダ
34%
35 チワワ メキシコ
32%
23 グアテマラシティ グアテマラ
30%
18 カルガリー カナダ
29%
33 サンノゼ アメリカ
29%
19 グアダラハラ メキシコ
28%
27 エドモントン カナダ
28%
24 ポルトープランス ハイチ
27%
61 オクラホマシティ アメリカ
26%
26 テグシガルパ ホンジュラス
23%
41 カンクン メキシコ
23%
80 キングストン ジャマイカ
23%
17 サンアントニオ アメリカ
22%
42 インディアナポリス アメリカ
22%
73 ポートランド アメリカ
22%
82 ボルチモア アメリカ
21%
91 サクラメント アメリカ
21%
9 ティファナ メキシコ
20%
51 ウィニペグ カナダ
20%
84 ミルウォーキー アメリカ
20%
25 モンテレー メキシコ
18%
85 アルバカーキ アメリカ
17%
30 マナグア ニカラグア
16%
36 メリダ メキシコ
15%
31 オースティン アメリカ
14%
32 ジャクソンビル アメリカ
14%
40 シャーロット アメリカ
13%
76 メンフィス アメリカ
13%
68 アカプルコ メキシコ
12%
12 レオン メキシコ
11%
34 フォートワース アメリカ
11%
64 ナッシュビル アメリカ
11%
75 ルイビル アメリカ
10%
15 プエブラ メキシコ
9%
39 コロンバス アメリカ
9%
65 エルパソ アメリカ
9%
16 フアレス メキシコ
8%
46 メヒカリ メキシコ
8%
52 ミシサガ カナダ
8%
60 サン・ペドロ・スーラ ホンジュラス
8%
79 ハミルトン カナダ
7%
87 ツーソン アメリカ
6%
11 エカテペック・デ・モレロス メキシコ
5%
47 サン・ルイス・ポトシ メキシコ
5%
49 クリアカン メキシコ
5%
55 サンティアゴ・デ・ロス・カバジェロス ドミニカ共和国
5%
28 ネサワルコヨトル メキシコ
4%
44 アグアスカリエンテス メキシコ
4%
78 ドゥランゴ メキシコ
4%
89 ベラクルス メキシコ
4%
50 ケレタロ メキシコ
3%
56 モレリア メキシコ
3%
62 レイノサ メキシコ
3%
63 トレオン メキシコ
3%
72 グアダルーペ メキシコ
3%
81 トゥストラ・グティエレス メキシコ
3%
95 メサ アメリカ
3%
22 サポパン メキシコ
2%
38 トルカ メキシコ
2%
43 サルティヨ メキシコ
2%
54 ブランプトン カナダ
2%
59 チマルワカン メキシコ
2%
74 サリー カナダ
2%
88 フレズノ アメリカ
2%
97 マタモロス メキシコ
2%
37 ナウカルパン メキシコ
1%
45 エルモシヨ メキシコ
1%
67 トラルネパントラ メキシコ
1%
71 トラケパケ メキシコ
1%
96 カルフール ハイチ
1%
83 トナラ メキシコ
0%
90 アポダカ メキシコ
0%
92 シウダー・ロペス・マテオス メキシコ
0%
93 トゥティトラン メキシコ
0%
94 クアウティトラン・イスカリ メキシコ
0%
No matching quizzes found
Score Distribution
Percent of People with Each Score
Percentile by Number Answered
Your Score History
You have not taken this quiz